01262nam a22003134a 4500001001200000003000800012006001900020007001500039008004100054010001700095020002800112040002100140035002100161050002700182082001600209100002800225245007600253260005100329300002700380490004300407504005100450533015200501650004300653650003600696655002900732710001700761830004400778856012600822ebr10228189CaPaEBRm u cr cn|||||||||050913s2006 maua sb 001 0 eng  z 2005026627 z1584504242 (alk. paper) aCaPaEBRcCaPaEBR a(OCoLC)29810376014aQA76.9.C58bS56 2006eb04a004/.362221 aSilva, Vladimir,d1969-10aGrid computing for developersh[electronic resource] /cVladimir Silva. aHingham, Mass. :bCharles River Media,cc2006. axxviii, 547 p. :bill.1 aCharles River Media programming series aIncludes bibliographical references and index. aElectronic reproduction.bPalo Alto, Calif. :cebrary,d2013.nAvailable via World Wide Web.nAccess may be limited to ebrary affiliated libraries. 0aComputational grids (Computer systems) 0aComputer softwarexDevelopment. 7aElectronic books.2local2 aebrary, Inc. 0aCharles River Media programming series.40uhttp://site.ebrary.com/lib/rucke/Doc?id=10228189zAn electronic book accessible through the World Wide Web; click to view